El láser /

Guardado en:
Autor Principal: Garavaglia, Mario.
Autor Corporativo: Consejo Nacional de Investigaciones Científicas y Técnicas (Argentina)
Formato: Libro
Idioma:Spanish
Publicado: Washington : Programa Regional de Desarrollo Científico y Tecnológico, Departamento de Asuntos Científicos, Secretaría General de la Organización de los Estados Americanos, 1976.
Series:Serie de física ; monografía no. 12
Materias:
Etiquetas: Agregar Etiqueta
Sin Etiquetas, Sea el primero en etiquetar este registro!
LEADER 00898cam a2200205 a 4500
001 MAT.inmabb006331
008 770708s1976####dcua#####b###i000#0#spa##
005 20100526102807.0
245 1 3 |a El láser /  |c por Mario Garavaglia y Consejo Nacional de Investigaciones, Científicas y Técnicas, Argentina. 
260 |a Washington :  |b Programa Regional de Desarrollo Científico y Tecnológico, Departamento de Asuntos Científicos, Secretaría General de la Organización de los Estados Americanos,  |c 1976. 
300 |a v, 118 p. :  |b il. ;  |c 23 cm. 
440 0 |a Serie de física ;  |v monografía no. 12 
504 |a Incluye referencias bibliográficas. 
100 1 |a Garavaglia, Mario. 
710 2 |a Consejo Nacional de Investigaciones Científicas y Técnicas (Argentina) 
650 0 |a Lasers. 
084 |a *CODIGO*  |2 MR 
010 |a  76151867  
040 |a DLC  |c DLC  |d DLC 
859 |i F  |p OEA-Fi-12  |b BIB. MATEMATICA